Analysis of Equity Investments : Valuation /

-д хадгалсан:
Номзүйн дэлгэрэнгүй
Бусад зохиолчид: Stowe, John D. (autor) (autor)
Формат: Ном
Хэл сонгох:англи
Хэвлэсэн: Charlottesville, EUA : Asociation for Investment Management and Research, 2002, c2002
Нөхцлүүд:
Шошгууд: Шошго нэмэх
Шошго байхгүй, Энэхүү баримтыг шошголох эхний хүн болох!

MARC

LEADER 00000nam^a2200000^a^4500
001 000182671
005 20250521000000.0
009 20260310102014.179
020 |a 0-935015-76-0 
037 |a Acervo ITESO - Biblioteca 
041 |a ING 
082 |a 332. 6  |b ANA 
245 0 0 |a Analysis of Equity Investments :  |b Valuation /  |c J.D. Stowe... [et al.]. 
264 4 |a Charlottesville, EUA :  |b Asociation for Investment Management and Research,  |c 2002, c2002 
300 |a XVIII, 318 p. 
336 |a texto  |b txt  |2 rdacontenido 
337 |a sin mediación  |b n  |2 rdamedio 
338 |a volumen  |b nc  |2 rdasoporte 
649 |a XX 
650 |a Precios 
650 |a Flujo Monetario 
650 |a Fluctuaciones Económicas 
650 |a Utilidad (Economía) 
650 |a Modelo Económico 
650 |a Análisis Económico 
650 |a Economía -  |x Metodología 
700 |a Stowe, John D.  |e (autor) 
910 |a Fondo General 
920 |a Impresos - Libros 
930 |a Colección General 
905 |a 101 
901 |a 0500122807  |b IT1  |c ACC  |u 20250521 
902 |a https://opac.biblio.iteso.mx/vufind/Record/000182671